| 000 | 00855nam a2200289Ia 4500 | ||
|---|---|---|---|
| 003 | OSt | ||
| 005 | 20220912144857.0 | ||
| 006 | a|||||r|||| 00| 0 | ||
| 007 | ta | ||
| 008 | 220909b |||||||| |||| 00| 0 eng d | ||
| 020 | _a8189304143 (hbd) | ||
| 024 | _a66000 | ||
| 037 | _b082/06-07, 20/09/2006, N R Book Distributors | ||
| 037 | _cTextbook | ||
| 040 |
_aCSL _beng _cCSL |
||
| 041 | _aeng | ||
| 082 | _aH.2.g7H, P5.4 TH | ||
| 100 | _aSaklani P S Ed. | ||
| 245 | 0 | _aHimalaya: Geological aspects | |
| 260 |
_aDelhi _bSatish Serial Publishing House _c2006 |
||
| 300 |
_a355p. _ccm. |
||
| 500 | _aIncludes bibliographical references. | ||
| 650 | _a Himalaya | ||
| 650 | _aGeology | ||
| 942 |
_hH.2.g7H, P5.4 TH _cTB _2CC |
||
| 999 |
_c17956 _d17956 |
||